000 00385pab a2200157 454500
008 180718b2008 xxu||||| |||| 00| 0 eng d
100 _aBerglof, Erik
245 _aWidening and deepening: reforming the European Union
260 _c2008
300 _ap.133-37.
362 _aMay
650 _aEuropean Union
773 _aAmerican Economic Review
908 _aN
909 _a78942
999 _c78942
_d78942